Pirkanmaan naapurikunnat - Statistics

Yleistilastot
  • Tätä visaa on pelattu 21 kertaa
  • Keskiarvotulos 15 / 22
Vastaustilastot
Kunta % Oikein
Huittinen
100%
Jämsä
93%
Hämeenlinna
87%
Kankaanpää
87%
Alavus
80%
Keuruu
80%
Forssa
73%
Humppila
73%
Jämijärvi
73%
Kokemäki
73%
Loimaa
73%
Pori
73%
Ähtäri
67%
Hattula
67%
Kurikka
67%
Padasjoki
67%
Karvia
60%
Seinäjoki
47%
Sysmä
47%
Luhanka
40%
Tammela
40%
Ulvila
40%
Ehtoja vastaavia visoja ei löytynyt
Tulosjakauma
Jokaisen tuloksen saaneiden osuus
Persentiili vastausten määrän mukaan
Tuloshistoriasi
Et ole pelannut tätä visaa